000 00475nam a22001937a 4500
003 MPLRDC
005 20220104113746.0
008 210129b ||||| |||| 00| 0 eng d
020 _a957-557-964-X
082 _a293.1 JWG-2
100 _a姜威国
245 _a实用八字命学讲义
_c
250 _a初版
260 _a台湾
_b大展出版社有限公司
_c1999
300 _b286
490 _a命理与预言: 59
650 _a命书
942 _cBK
_o293.1 JWG-2
999 _c2139
_d2129